000 00466nam a2200169 a 4500
001 0000-8511
003 ELIB.Books
008 110520 1977
035 _a(ELIB.Books)0000-8656
082 _a230
_bSau
_a225
_bSau
100 _aSauer, Erich
245 _aThe Triumph of the Crucified
260 _bCarlisle; The Peternoster Press
_c1977
650 _aTheology
_New Testament
942 _2ddc
_cBK
998 _cbat
_e2011-05-20
_mcat
_u2019-11-19
999 _c8511
_d8511